000 00968nam a2200301 c 4500
003 BLK
005 20180420213953.0
008 180412b bul|||||r ||||||| ||bul||
010 _aKNG00006676000
020 _a954-8804-02-6
_bиздат.: Участие
040 _aBLK
041 _aBUL
_cBUL
080 _aБългарска литература
_b821.163.2
_x-1
_z821.163.2-1
100 1 _aВълева, Василка
_eпърви автор
_9250154
139 _aВълева, Василка
_bВ 92
245 1 0 _aВечеря
_bСтихотворения
_cВасилка Вълева.
257 _aBGR
260 Ст. Загора
_bУчастие
_c1995
300 _a32 с.
_c20 см
380 _aX
490 1 _aБиблиотека Участие
_vБр. 10
500 _a500 тир.
852 _aЦб 182269
856 4 _qpdf
_u
856 4 _qpdf
_u
942 _cKNG
_n0
944 _aCR
_c15.01.2003
_kПенка_Димитрова
944 _aED
_c11.02.2011
_k
999 _c5486
_d5486